000 00974cam a2200241 4500
001 L137212
002 16469
008 070322s2006 xxk f 000 0 eng d
020 _a0750662050
_a9780750662055
035 _a(Sirsi) u137212
041 0 _aeng
050 0 4 _a711.58 $2 18
100 1 _aBiddulph, Mike
245 0 0 _aIntroduction to residential layout
260 _aOxford
_bElsevier
_c2006
300 _axii, 241p.
_bill.
_c28cm.
350 _a27.99
520 _aThis comprehensive guide examines the theory and practice of designing and laying out residential areas. Covers: commercial viability; building place and defining space; environmentally benign development and design; access and movement; integrating other uses; safety and ease of use; contemporary residential townscape; and social life in outdoor residential spaces. Bibliography.
590 _aKA
651 4 _aInternational
690 _aBUILT ENVIRONMENT-CONSTRUCTION DESIGN
942 _n0
999 _c106691
_d106691